000 00384pab a2200157 454500
008 180718b2009 xxu||||| |||| 00| 0 eng d
100 _aMukherjee, Amitava
245 _aChinese threat on border and India's defence preparedness
260 _c2009
300 _ap.11-13.
362 _a10 Oct
650 _aBorder disputes
773 _aMainstream
908 _aN
909 _a83974
999 _c83974
_d83974